Das fremde Ziel; (Record no. 5187)

MARC details
000 -LEADER
fixed length control field 00505cam a22001931 4500
001 - CONTROL NUMBER
control field af 48002735
003 - CONTROL NUMBER IDENTIFIER
control field DLC
005 - DATE AND TIME OF LATEST TRANSACTION
control field 20260227110857.0
008 - FIXED-LENGTH DATA ELEMENTS--GENERAL INFORMATION
fixed length control field 890412s1944 gw 000 1 ger c
010 ## - LIBRARY OF CONGRESS CONTROL NUMBER
LC control number af 48002735
035 ## - SYSTEM CONTROL NUMBER
System control number (OCoLC)19541459
040 ## - CATALOGING SOURCE
Original cataloging agency Yale Univ. Library
Transcribing agency CU
Modifying agency DLC
042 ## - AUTHENTICATION CODE
Authentication code premarc
050 00 - LIBRARY OF CONGRESS CALL NUMBER
Classification number PT2621.E174
Item number F7
100 2# - MAIN ENTRY--PERSONAL NAME
Personal name Kegler-Behr, Marianne.
245 14 - TITLE STATEMENT
Title Das fremde Ziel;
Remainder of title ein Roman.
260 ## - PUBLICATION, DISTRIBUTION, ETC.
Place of publication, distribution, etc. Hamburg,
Name of publisher, distributor, etc. Hammerich & Lesser
Date of publication, distribution, etc. [1944]
300 ## - PHYSICAL DESCRIPTION
Extent 173 p.
Dimensions 20 cm.

No items available.

Powered by Koha